LEADER 01677aam a2200349 i 4500 001 991002774889707536 005 20240521132157.0 008 070904s2003 it e 001 e ita 020 $a8815108505 020 $a3428119789 020 $a8815108505 035 $ab13578455-39ule_inst 040 $aBiblioteca Interfacoltà$bita 082 04$a322.10943 245 03$aLe secolarizzazioni nel Sacro Romano Impero e negli antichi Stati italiani :$bpremesse, confronti, conseguenze = Säkularisationsprozesse im Alten Reich und in Italien : Voraussetzungen, Vergleiche, Folgen /$ca cura di = hrsg. von Claudio Donati, Helmut Flachenecker 246 31$aSäkularisationsprozesse im Alten Reich und in Italien: Voraussetzungen, Vergleiche, Folgen 260 $aBologna :$bIl mulino ;$aBerlin :$bDuncker & Humblot,$c2005 300 $a337 p. ;$c24 cm 440 0$aAnnali dell'Istituto storico italo-germanico.$pContributi ;$v16 500 $aAtti del Convegno tenuto a Bressanone nel 2003 500 $aNell'occhietto: Istituto trentino di cultura 546 $aContributi in italiano o tedesco 651 4$aChiesa e Stato$zEuropa centrale$ySec. 17.-19.$vCongressi 651 4$aChiesa e Stato$zItalia$ySec. 17.-19.$vCongressi 700 1 $aDonati, Claudio$d<1950-2008> 700 1 $aFlachenecker, Helmut 907 $a.b13578455$b02-04-14$c04-09-07 912 $a991002774889707536 945 $aLE002 322.109 SEC$g1$i2002000610348$lle002$og$pE24.00$q-$rl$s-$t0$u0$v0$w0$x0$y.i1508629x$z08-03-10 996 $aSecolarizzazioni nel Sacro Romano Impero e negli antichi Stati italiani$94158915 997 $aUNISALENTO 998 $ale002$b04-09-07$cm$da$e-$fita$git$h3$i0